<?xml version="1.0" encoding="UTF-8"?>
<record
    xmlns:xsi="http://www.w3.org/2001/XMLSchema-instance"
    xsi:schemaLocation="http://www.loc.gov/MARC21/slim http://www.loc.gov/standards/marcxml/schema/MARC21slim.xsd"
    xmlns="http://www.loc.gov/MARC21/slim">

  <leader>01554cam a22003371  4500</leader>
  <controlfield tag="001">12399</controlfield>
  <controlfield tag="003">BD-RjUL</controlfield>
  <controlfield tag="005">20211208235303.0</controlfield>
  <controlfield tag="008">140128s1963    ne abch  b    001 0beng</controlfield>
  <datafield tag="035" ind1=" " ind2=" ">
    <subfield code="a">(BD-RjUL)12448</subfield>
  </datafield>
  <datafield tag="040" ind1=" " ind2=" ">
    <subfield code="a">DLC/ICU</subfield>
    <subfield code="c">ICU</subfield>
    <subfield code="d">DLC</subfield>
    <subfield code="d">BD-RjUL</subfield>
    <subfield code="b">eng</subfield>
  </datafield>
  <datafield tag="041" ind1=" " ind2=" ">
    <subfield code="a">eng</subfield>
  </datafield>
  <datafield tag="082" ind1=" " ind2=" ">
    <subfield code="2">19</subfield>
    <subfield code="a">737.494346</subfield>
    <subfield code="b">HAP 1963</subfield>
  </datafield>
  <datafield tag="100" ind1="1" ind2=" ">
    <subfield code="a">Hamarneh, Sami Khalaf,</subfield>
    <subfield code="d">1925-</subfield>
    <subfield code="9">38508</subfield>
  </datafield>
  <datafield tag="245" ind1="1" ind2="2">
    <subfield code="a">A pharmaceutical view of Abulcasis al-Zahr&#x101;w&#x12B; in Moorish Spain :</subfield>
    <subfield code="b">with special reference to the "Adh&#x101;n," /</subfield>
    <subfield code="c">Sami Khalaf Hamarneh and Glenn Sonnedecker.</subfield>
  </datafield>
  <datafield tag="260" ind1=" " ind2=" ">
    <subfield code="a">Leiden :</subfield>
    <subfield code="b">E.J. Brill ,</subfield>
    <subfield code="c">c1963.</subfield>
  </datafield>
  <datafield tag="300" ind1=" " ind2=" ">
    <subfield code="a">xii, 176 p. :</subfield>
    <subfield code="b">illus., facsims., maps (1 fold.) port. ;</subfield>
    <subfield code="c">24 cm.</subfield>
  </datafield>
  <datafield tag="490" ind1="1" ind2=" ">
    <subfield code="a">Janus. Suppl&#xE9;ments,</subfield>
    <subfield code="v">v. 5</subfield>
  </datafield>
  <datafield tag="500" ind1=" " ind2=" ">
    <subfield code="a">Revision of Hamarneh's thesis, University of Wisconsin, 1959, which has title: Some pharmaceutical aspects of al-Zahrawi's al-Tasreef about 1000 A.D.</subfield>
  </datafield>
  <datafield tag="500" ind1=" " ind2=" ">
    <subfield code="a">Excerpts from the 25th treatise, al-adh&#x101;n, in Arabic and English: p. 81-126.</subfield>
  </datafield>
  <datafield tag="504" ind1=" " ind2=" ">
    <subfield code="a">Bibliography: p. [137]-157. and index.</subfield>
  </datafield>
  <datafield tag="600" ind1="0" ind2="0">
    <subfield code="a">Ab&#x16B; al-Q&#x101;sim Khalaf ibn 'Abb&#x101;s al-Zahr&#x101;w&#x12B;,</subfield>
    <subfield code="d">-1013?</subfield>
    <subfield code="9">38519</subfield>
  </datafield>
  <datafield tag="650" ind1=" " ind2=" ">
    <subfield code="a"> 	      Zahr&#x101;w&#x12B;, Abu-'l-Q&#x101;sim _Halaf Ibn-&#x2BB;Abb&#x101;s ((az)) -- Liber servitoris.</subfield>
    <subfield code="9">38511</subfield>
  </datafield>
  <datafield tag="830" ind1=" " ind2="0">
    <subfield code="v">v. 5.</subfield>
    <subfield code="9">38520</subfield>
  </datafield>
  <datafield tag="700" ind1="1" ind2=" ">
    <subfield code="a">Sonnedecker, Glenn,</subfield>
    <subfield code="d">1917-</subfield>
    <subfield code="e">joint author.</subfield>
    <subfield code="9">38513</subfield>
  </datafield>
  <datafield tag="700" ind1="1" ind2="2">
    <subfield code="a">Ab&#x16B; al-Q&#x101;sim Khalaf ibn 'Abb&#x101;s al-Zahr&#x101;w&#x12B;,</subfield>
    <subfield code="d">-1013?</subfield>
    <subfield code="t">Tasr&#x12B;f l&#x12B;man 'ajiza 'an al-ta'l&#x12B;f.</subfield>
    <subfield code="f">1963.</subfield>
    <subfield code="9">38514</subfield>
  </datafield>
  <datafield tag="830" ind1=" " ind2="0">
    <subfield code="a">Janus (Leiden, Netherlands).</subfield>
    <subfield code="9">38521</subfield>
  </datafield>
  <datafield tag="942" ind1=" " ind2=" ">
    <subfield code="2">ddc</subfield>
    <subfield code="c">BK</subfield>
  </datafield>
  <datafield tag="999" ind1=" " ind2=" ">
    <subfield code="c">12399</subfield>
    <subfield code="d">12399</subfield>
  </datafield>
  <datafield tag="952" ind1=" " ind2=" ">
    <subfield code="0">0</subfield>
    <subfield code="1">0</subfield>
    <subfield code="2">ddc</subfield>
    <subfield code="4">0</subfield>
    <subfield code="7">0</subfield>
    <subfield code="8">NFIC</subfield>
    <subfield code="a">RUCL</subfield>
    <subfield code="b">RUCL</subfield>
    <subfield code="c">Stack</subfield>
    <subfield code="d">1968-08-21</subfield>
    <subfield code="e">Pak-American Com.</subfield>
    <subfield code="g">54.00</subfield>
    <subfield code="l">0</subfield>
    <subfield code="o">737.494346 HAP 1963</subfield>
    <subfield code="r">2014-01-28 00:00:00</subfield>
    <subfield code="t">C-2</subfield>
    <subfield code="w">2014-01-28</subfield>
    <subfield code="y">BK</subfield>
  </datafield>
</record>
